ការគ្រប់គ្រងគំរោងអភីវឌ្ឍន៍ project management (Record no. 8694)

000 -LEADER
fixed length control field 00332nam a22001097a 4500
040 ## - CATALOGING SOURCE
Transcribing agency HS
082 ## - DEWEY DECIMAL CLASSIFICATION NUMBER
Classification number 658
100 ## - MAIN ENTRY--AUTHOR NAME
Personal name ង៉ោ ប៊ុនថាន
245 ## - TITLE STATEMENT
Title ការគ្រប់គ្រងគំរោងអភីវឌ្ឍន៍ project management
260 ## - PUBLICATION, DISTRIBUTION, ETC. (IMPRINT)
Place of publication RUA
Name of publisher ង៉ោ ប៊ុនថាន
Year of publication 2007
942 ## - ADDED ENTRY ELEMENTS (KOHA)
Koha item type សៀវភៅភាសាខ្មែរ
952 ## - LOCATION AND ITEM INFORMATION (KOHA)
Withdrawn status [LOCAL, KOHA] 0
952 ## - LOCATION AND ITEM INFORMATION (KOHA)
Withdrawn status [LOCAL, KOHA] 0
952 ## - LOCATION AND ITEM INFORMATION (KOHA)
Withdrawn status [LOCAL, KOHA] 0
Holdings
Permanent Location Date acquired Koha item type Lost status Shelving location Barcode Current Location Full call number
Library Block C2016-08-09សៀវភៅភាសាខ្មែរ C237RUA44316Library Block C658 ង៉ោ 2007 C237
Library Block C2016-09-07សៀវភៅភាសាខ្មែរ C063RUA043113Library Block C658 ង៉ោ 2007 C063
Library Block C2016-09-08សៀវភៅភាសាខ្មែរ C236RUA043133Library Block C658​​​ ង៉ោ 2007 C236
មជ្ឈមណ្ឌលឯការនៃសាកលវិទ្យាល័យភូមិន្ទកសិកម្មចំការដូង

Powered by Koha